White house years / (Record no. 16241)

000 -LEADER
fixed length control field 01941nam a2200277 a 4500
001 - CONTROL NUMBER
control field ASIN0857207091
005 - DATE AND TIME OF LATEST TRANSACTION
control field 20170105102935.0
008 - FIXED-LENGTH DATA ELEMENTS--GENERAL INFORMATION
fixed length control field 151014s2011 xxu eng d
020 ## - INTERNATIONAL STANDARD BOOK NUMBER
International Standard Book Number 0857207091 (paperback)
Terms of availability $38.75
020 ## - INTERNATIONAL STANDARD BOOK NUMBER
International Standard Book Number 9780857207098 (paperback)
040 ## - CATALOGING SOURCE
Original cataloging agency 0
050 04 - LIBRARY OF CONGRESS CALL NUMBER
Classification number E855
082 04 - DEWEY DECIMAL CLASSIFICATION NUMBER
Classification number 327.73
Author Mark KIS 2011
100 1# - MAIN ENTRY--PERSONAL NAME
Personal name Kissinger, Henry A.
245 10 - TITLE STATEMENT
Title White house years /
Statement of responsibility, etc. Henry A. Kissinger.
260 ## - PUBLICATION, DISTRIBUTION, ETC.
Place of publication, distribution, etc. [S.l.] :
Name of publisher, distributor, etc. Simon & Schuster Ltd,
Date of publication, distribution, etc. 2011.
300 ## - PHYSICAL DESCRIPTION
Extent 1521 p. ;
Dimensions 23 cm.
520 ## - SUMMARY, ETC.
Summary, etc. This monumental work, covering Kissinger's first four years (1969-1973) as Assistant to the President for National Security Affairs and President Nixon's closest advisor on foreign policy, is one of the most significant books to come out of the Nixon administration. Among the countless moments Kissinger recalls in White House Years are his first meeting with Nixon, his secret trip to China, the first SALT negotiations, the Jordan crisis of 1970, the India-Pakistan war of 1971, and the historic summit meetings in Moscow and Beijing in 1972. He offers insights into the Middle East conflicts, Anwar Sadat's break with the Soviet Union, the election of Salvador Allende in Chile, issues of defense strategy, and relations with Europe and Japan. Other highlights are his relationship with Nixon, brilliant portraits of major foreign leaders, and his views on handling crises and the art of diplomacy. Few men have wielded as much influence on American foreign policy as Henry Kissinger. White House Years, his own record, makes an invaluable and lasting contribution to the history of this crucial time.
650 #0 - SUBJECT ADDED ENTRY--TOPICAL TERM
Topical term or geographic name entry element Diplomatic relations
650 #0 - SUBJECT ADDED ENTRY--TOPICAL TERM
Topical term or geographic name entry element Kissinger, Henry, 1923-
650 #0 - SUBJECT ADDED ENTRY--TOPICAL TERM
Topical term or geographic name entry element Nixon, Richard M. (Richard Milhous), 1913-1994
650 #0 - SUBJECT ADDED ENTRY--TOPICAL TERM
Topical term or geographic name entry element Statesmen
650 #0 - SUBJECT ADDED ENTRY--TOPICAL TERM
Topical term or geographic name entry element United States
856 40 - ELECTRONIC LOCATION AND ACCESS
Materials specified Amazon.com
Uniform Resource Identifier <a href="http://www.amazon.com/exec/obidos/ASIN/0857207091/chopaconline-20">http://www.amazon.com/exec/obidos/ASIN/0857207091/chopaconline-20</a>
942 ## - ADDED ENTRY ELEMENTS (KOHA)
Source of classification or shelving scheme
Koha item type Book
Holdings
Withdrawn status Lost status Damaged status Not for loan Collection code Permanent Location Current Location Shelving location Date acquired Total Checkouts Full call number Barcode Date last seen Price effective from Koha item type
          Centre for International Peace & Stability (CIPS) Centre for International Peace & Stability (CIPS) General Stacks 10/14/2015   327.73 KIS 2011 CIPS0002673 10/14/2015 10/14/2015 Book
© 2023 Central Library, National University of Sciences and Technology. All Rights Reserved.